Kambodža - geografia, cestopisy, história a politika : rešerš výberová /

Uložené v:
Podrobná bibliografia
Ďalší autori: Borov, Marián (Compiler)
Médium: Kniha
Jazyk:Slovak
Vydané: Košice : Štátna vedecká knižnica v Košiciach, 1994.
Vydanie:1. vyd.
Témy:
ISBN: (brož.)
Fyzický popis: 20 s.
Tagy: Pridať tag
Žiadne tagy, Buďte prvý kto otaguje tento záznam!

MARC

LEADER 00000nam a2200000 a 4500
001 000068421
003 SVKK
005 20111012104311.0
008 990618s1994 xo e b 000 0 slo d
020 |a (brož.) 
040 |a SVKKK  |b slo  |c SVKKK  |e AACR2 
041 0 |a slo 
044 |a xo  |c SK 
080 |a 106:915.96  |2 1997 
080 |a 016:959.6  |2 1997 
080 |a 016:32(596)  |2 1997 
245 0 0 |a Kambodža - geografia, cestopisy, história a politika :  |b rešerš výberová /  |c zostavila Marián Borov. 
250 |a 1. vyd. 
260 |a Košice :  |b Štátna vedecká knižnica v Košiciach,  |c 1994. 
300 |a 20 s. 
653 0 |a Kambodža  |2 SVKKKPH 
653 0 |a bibliografie výberové  |2 SVKKKPH 
653 0 |a dejiny  |2 SVKKKPH 
655 7 |a bibliografie  |2 SVKKKPH 
700 1 |a Borov, Marián  |4 com 
910 |a svkkk 
974 |a UH  |d 19990618 
974 |a PA  |d 19990618 
974 |a PA  |d 20010430 
998 |a BK 
090 |g SCKHL  |k Sklad Pribinova 2. posch.  |a III.163417  |j 871935  |i 2720107452  |s Absenčne 
090 |g SCKHL  |k Sklad Pribinova 2. posch.  |a III.163418  |j 871936  |i 2720628235  |s Absenčne